| 000 | 00692nam a2200253Ia 4500 | ||
|---|---|---|---|
| 003 | OSt | ||
| 005 | 20220924125517.0 | ||
| 006 | a|||||r|||| 00| 0 | ||
| 007 | ta | ||
| 008 | 220923b |||||||| |||| 00| 0 per d | ||
| 024 | _a331499 | ||
| 037 | _cTextual | ||
| 040 |
_aARTS _cARTS _bper |
||
| 041 |
_2per _aper |
||
| 082 | _aY714:1, 164L1 | ||
| 100 |
_aKhoob Nazar Hasan Au. _9198399 |
||
| 245 | 0 | _aTamaddun ha-ye- pish az tarikh | |
| 260 |
_aShiraz _bUniversity of Iran Iran _c1971 |
||
| 300 |
_a302p. _ccm. |
||
| 650 | _a SOCIOLOGY | ||
| 650 | _aPERSIAN LANGUAGE | ||
| 942 |
_hY714:1, 164L1 _cTEXL _2CC |
||
| 999 |
_c422795 _d422795 |
||